Modern Nuclear chemistry (Record no. 16565)
[ view plain ]
| 000 -LEADER | |
|---|---|
| fixed length control field | 00253nam a22001097a 4500 |
| 008 - FIXED-LENGTH DATA ELEMENTS--GENERAL INFORMATION | |
| fixed length control field | 131127t xxu||||| |||| 00| 0 eng d |
| 040 ## - CATALOGING SOURCE | |
| Original cataloging agency | ASAB |
| Transcribing agency | ASAB |
| 245 ## - TITLE STATEMENT | |
| Title | Modern Nuclear chemistry |
| 300 ## - PHYSICAL DESCRIPTION | |
| Extent | 340 |
| 700 ## - ADDED ENTRY--PERSONAL NAME | |
| Fuller form of name | Walter loveland |
| 9 (RLIN) | 300 |
| 942 ## - ADDED ENTRY ELEMENTS (KOHA) | |
| Source of classification or shelving scheme | |
| Koha item type | Book |
| Withdrawn status | Lost status | Source of classification or shelving scheme | Damaged status | Not for loan | Permanent Location | Current Location | Date acquired | Total Checkouts | Full call number | Barcode | Date last seen | Price effective from | Koha item type |
|---|---|---|---|---|---|---|---|---|---|---|---|---|---|
| Atta-ur-Rahman School of Applied Biosciences (ASAB) | Atta-ur-Rahman School of Applied Biosciences (ASAB) | 11/27/2013 | 541.38 LOV | ASAB1430 | 07/18/2019 | 11/27/2013 | Reference |
